01488nam a2200289 a 4500001001200000003000800012006001900020007001500039008004100054010001700095020001500112040002100127035002000148050002700168082002500195110009700220245027500317260005500592300004300647504005200690533015200742650006100894650007100955655002901026710001701055856012601072ebr10055549CaPaEBRm u cr cn|||||||||940405s1994 dcuab sb f000 0 eng  z 94065989  z0309050499 aCaPaEBRcCaPaEBR a(OCoLC)4496435414aRA1231.R2bN353 1994eb04a363.17/99/0996832202 aNational Research Council (U.S.).bCommittee on Radiological Safety in the Marshall Islands.10aRadiological assessments for resettlement of Rongelap in the Republic of the Marshall Islandsh[electronic resource] /cCommittee on Radiological Safety in the Marshall Islands, Board on Radiation Effects Research, Commission on Life Sciences, National Research Council. aWashington, D.C. :bNational Academy Press,c1994. axiv, 108 p. :bill., maps (some col.). aIncludes bibliographical references (p. 89-94). aElectronic reproduction.bPalo Alto, Calif. :cebrary,d2013.nAvailable via World Wide Web.nAccess may be limited to ebrary affiliated libraries. 0aRadioactive pollutionzMarshall IslandszRongelap Atoll. 0aRadioactive falloutxToxicologyzMarshall IslandszRongelap Atoll. 7aElectronic books.2local2 aebrary, Inc.40uhttp://site.ebrary.com/lib/rucke/Doc?id=10055549zAn electronic book accessible through the World Wide Web; click to view